Normal view
MARC view
- Industrial Economic
Entry Topical Term
001 - CONTROL NUMBER
- control field: 74239
003 - CONTROL NUMBER IDENTIFIER
- control field: OSt
005 - DATE AND TIME OF LATEST TRANSACTION
- control field: 20220806112611.0
008 - FIXED-LENGTH DATA ELEMENTS
- fixed length control field: 220806|| aca||aabn | a|a d
040 ## - CATALOGING SOURCE
- Original cataloging agency: OSt
- Transcribing agency: OSt
150 ## - HEADING--TOPICAL TERM
- Topical term or geographic name entry element: Industrial Economic
670 ## - SOURCE DATA FOUND
- Source citation: Work cat.: (OSt)41348: Khedkar, B. D. and Others 74238, Industrial Economic Environment (Sem.-IV), 2014